Statistics for Biggest Cities on the Baltic Sea on a Map

Click here to take the quiz!

General Stats

  • This quiz has been taken 207 times
  • The average score is 13 of 17

Answers on the Map

Answers color-coded by a green-red scale on the quiz's map according to % correct below.
 

Answer Stats

PopulationCity% Correct
627,487Riga
99%
437,619Tallinn
99%
653,835Helsinki
98%
974,073Stockholm
98%
5,398,064Saint Petersburg
95%
470,907Gdańsk
93%
489,359Kaliningrad
92%
246,794Kiel
77%
192,962Turku
71%
205,489Oulu
70%
289,731Espoo
64%
209,191Rostock
64%
149,116Klaipėda
62%
216,530Lübeck
57%
246,348Gdynia
56%
128,901Umeå
49%
233,775Vantaa
40%

Score Distribution

Percentile by Number Answered

Percent of People with Each Score

Your Score History

You have not taken this quiz